| 000 | 01966 a2200373 4500 | ||
|---|---|---|---|
| 003 | Nust | ||
| 005 | 20221222124235.0 | ||
| 010 | _a 2004043630 | ||
| 020 | _a0864866593 (pbk. : South Africa) | ||
| 020 | _a1552661407 (pbk. : Canada) | ||
| 020 | _a1842774964 | ||
| 020 | _a1842774972 (pbk.) | ||
| 020 | _a8182910005 (pbk. : India) | ||
| 020 | _a9832535298 (pbk. : Malaysia) | ||
| 020 | _a9953140510 (pbk. : Lebanon) | ||
| 040 | _cNust | ||
| 082 | 0 | 0 | _a327.73,BUR |
| 100 | 1 |
_aBurbach, Roger. _9105670 |
|
| 245 | 1 | 0 |
_aImperial overstretch : _bGeorge W. Bush and the hubris of empire / _cRoger Burbach, Jim Tarbell. |
| 260 |
_aNova Scotia : _bFernwood ; _aBangalore : _bBooks for Change ; _aBeirut : _bWorld Book Pub. ; _aKuala Lumpur : _bSIRD ; _aCape Town : _bSpearhead ; _aLondon ; _aNew York : _bZed Books ; _bDistributed in the USA by Palgrave Macmillan, _c2004. |
||
| 300 |
_aviii, 240 p. ; _c21 cm. |
||
| 505 | _aGeorge W Bush & The Reality Of Empire (Page-9), Empire As The American Way Of Life (Page-27), The American Century (Page-52), The Rise Of The Bush People (Page-76), The Making Of George W Bush (Page-102), The Politics Of Fear (Page-125), The Drums Of Pre-Emptive War (Page-149), Iraq And The Imperial Dead Enders (Page-172), The Interregnum (Page-193). | ||
| 600 | 1 | 0 |
_aBush, George W. _d1946- _9105671 |
| 650 | 0 |
_aImperialism. _949704 |
|
| 650 | 0 |
_aIraq War, 2003- _9105672 |
|
| 650 | 0 | _aWar on Terrorism, 2001-2009. | |
| 651 | 0 |
_aUnited States _xForeign relations _y2001- _991376 |
|
| 651 | 0 |
_aUnited States _xForeign relations _y20th century. _9105669 |
|
| 700 | 1 |
_aTarbell, Jim. _9105673 |
|
| 856 | 4 | 2 |
_3Contributor biographical information _uhttp://www.loc.gov/catdir/enhancements/fy0627/2004043630-b.html |
| 856 | 4 | 2 |
_3Publisher description _uhttp://www.loc.gov/catdir/description/hol053/2004043630.html |
| 856 | 4 | 2 |
_3Table of contents only _uhttp://www.loc.gov/catdir/enhancements/fy0627/2004043630-t.html |
| 942 |
_2ddc _cBK _k327.73,BUR |
||
| 999 |
_c184249 _d184249 |
||